000 00372cam a2200157ua 4500
041 _aeng
_h
082 _a823.308
_bLUC/OV
100 _aLucas, E.V .
245 _aOver bemerton`s /
_cE.V Lucas.
_hTextual Documents
250 _a27 /
_b.
260 _aLondon :
_bMethuen and Co. Ltd ,
_c1950.
300 _a245 ; .
504 _a
942 _cBK
999 _c7782
_d7782